| 000 | 00459nam a2200169Ia 4500 | ||
|---|---|---|---|
| 005 | 20250508151147.0 | ||
| 008 | 008 250505s9999 xx 000 0 hin d | ||
| 037 | _aTextual | ||
| 040 |
_aFEDL _beng _cFEDL |
||
| 041 |
_ahin _2eng |
||
| 084 |
_a491.438, PUR _qFEDL |
||
| 100 |
_aPuri Ram Lal _9758576 |
||
| 245 | 0 | _aSachitra akshar gyan | |
| 546 | _aacc. No. 8188 is weeded out | ||
| 942 |
_cTEXL _h491.438, PUR |
||
| 999 |
_c1327970 _d1327970 |
||